Normal view MARC view
  • Association of Residential Managing Agents

Entry Corporate Name

Number of records used in: 3

001 - CONTROL NUMBER

  • control field: 4485

003 - CONTROL NUMBER IDENTIFIER

  • control field: SIRSI

005 - DATE AND TIME OF LATEST TRANSACTION

  • control field: 20190806150233.0

008 - FIXED-LENGTH DATA ELEMENTS

  • fixed length control field: 030702n| aaannaabn |n ana d

040 ## - CATALOGING SOURCE

  • Original cataloging agency: OSt
  • Transcribing agency: OSt

110 ## - HEADING--CORPORATE NAME

  • Corporate name or jurisdiction name as entry element: Association of Residential Managing Agents

670 ## - SOURCE DATA FOUND

  • Source citation: Association of Residential Managing Agents